[Event "CRO-chT4A Center"]
[Site "Zagreb"]
[Date "2010.11.07"]
[Round "10.66"]
[White "Krizan, Ivan"]
[Black "Orincic, Damir"]
[Result "1-0"]
[WhiteElo "1869"]
[BlackElo "1969"]
[PlyCount "91"]
[EventDate "2010.03.21"]
[EventType "team-tourn"]
[EventRounds "11"]
[EventCountry "CRO"]
[SourceTitle "EXT 2012"]
[Source "ChessBase"]
[SourceDate "2011.11.24"]
[SourceVersion "1"]
[SourceVersionDate "2011.11.24"]
[SourceQuality "1"]

1. d4 Nf6 2. Bf4 g6 3. e3 Bg7 4. Be2 0-0 5. h4 d6 6. h5 Re8 7. hxg6 fxg6 8. c3 Nbd7 9. Nf3 Nh5 10. Qb3+ e6 11. Bg5 Bf6 12. Bh6 Bg7 13. g4 Nhf6 14. g5 Nd5 15. Nbd2 Bh8 16. 0-0-0 a5 17. Rh4 a4 18. Qc2 a3 19. b3 c5 20. Bd3 Ne7 21. Ne4 Qc7 22. Bb5 Nc6 23. dxc5 dxc5 24. Rdh1 Re7 25. Bd3 Nde5 26. Nxe5 Nxe5 27. Nf6+ Bxf6 28. gxf6 Nxd3+ 29. Qxd3 Rd7 30. Qc4 Qd6 31. Qe2 b6 32. Bg7 h5 33. Rg1 Ba6 34. c4 Qd3 35. Qxd3 Rxd3 36. Rxg6 Rad8 37. Rg1 Bb7 38. f7+ Kxf7 39. Rf4+ Ke8 40. Bf6 Rc8 41. Kc2 Rd6 42. Be5 Rdd8 43. Rg8+ Kd7 44. Rf7+ Kc6 45. Rxd8 Rxd8 46. Rc7# 1-0

[Event "Zagreb op-B"]
[Site "Zagreb"]
[Date "2008.05.16"]
[Round "5"]
[White "Mihalinec, Damir"]
[Black "Orincic, Damir"]
[Result "1-0"]
[WhiteElo "2242"]
[BlackElo "2010"]
[PlyCount "95"]
[EventDate "2008.05.12"]
[EventType "swiss"]
[EventRounds "9"]
[EventCountry "CRO"]
[SourceTitle "CBM 124 Extra"]
[Source "ChessBase"]
[SourceDate "2008.07.03"]
[SourceVersion "1"]
[SourceVersionDate "2008.07.03"]
[SourceQuality "1"]

1. e4 c6 2. d4 d5 3. Nc3 dxe4 4. Nxe4 Nd7 5. Ng5 Ngf6 6. Bd3 e6 7. Qe2 Bd6 8. N1f3 h6 9. Ne4 Nxe4 10. Qxe4 Nf6 11. Qe2 Qc7 12. Bd2 b6 13. 0-0-0 Bb7 14. Kb1 0-0-0 15. Rhe1 c5 16. g3 Rhe8 17. Bb5 Bc6 18. dxc5 bxc5 19. Bxc6 Qxc6 20. Bc3 Kb7 21. Ne5 Bxe5 22. Bxe5 Ng8 23. Bxg7 f6 24. Qe3 Rxd1+ 25. Rxd1 Re7 26. Bf8 Rd7 27. Rxd7+ Qxd7 28. Bxc5 Qd1+ 29. Qc1 Qd5 30. b4 f5 31. Kb2 Qe5+ 32. c3 Qe2+ 33. Qc2 Qc4 34. Qa4 Nf6 35. Qxa7+ Kc8 36. Qa8+ Kc7 37. Bb6+ Kxb6 38. Qd8+ Kb5 39. Qxf6 Qe2+ 40. Ka3 Qe1 41. c4+ Kxc4 42. Qb2 Qh1 43. Qc2+ Kd4 44. h4 Qa8+ 45. Kb2 Ke5 46. Qc3+ Kd6 47. Qd2+ Ke7 48. Qxh6 1-0

[Event "Zagreb op"]
[Site "Zagreb"]
[Date "2007.03.17"]
[Round "1"]
[White "Orincic, Damir"]
[Black "Filipovic, Marko"]
[Result "0-1"]
[WhiteElo "1975"]
[BlackElo "2287"]
[PlyCount "78"]
[EventDate "2007.03.17"]
[EventType "swiss"]
[EventRounds "9"]
[EventCountry "CRO"]
[SourceTitle "CBM 117 Extra"]
[Source "ChessBase"]
[SourceDate "2007.05.09"]
[SourceVersion "1"]
[SourceVersionDate "2007.05.09"]
[SourceQuality "1"]

1. e4 c5 2. Nf3 d6 3. d4 cxd4 4. Nxd4 Nf6 5. Nc3 a6 6. Be3 e5 7. Nb3 Be6 8. Nd5 Nbd7 9. f3 Nxd5 10. exd5 Bf5 11. g4 Bg6 12. Qd2 Be7 13. 0-0-0 Rc8 14. Bd3 Bxd3 15. Qxd3 Bg5 16. Bxg5 Qxg5+ 17. Kb1 0-0 18. Rde1 f5 19. h4 Qf4 20. g5 Nb6 21. g6 h6 22. Rd1 Nc4 23. Nc1 Rc5 24. Rhe1 Qxh4 25. Nb3 Rc7 26. Rh1 Qf6 27. Rdg1 e4 28. Qd4 exf3 29. Qxf6 Rxf6 30. Rf1 Rxg6 31. Rxf3 Rf6 32. Rhf1 g6 33. Kc1 Ne5 34. Rh3 h5 35. Rd1 f4 36. Nd4 f3 37. Rhh1 f2 38. Rhf1 Ng4 39. Rh1 Ne3 0-1